Harry Potter: Russian Roulette II Quiz Stats

 Plays Quiz not verified by Sporcle

Score 0/20 Timer 04:00
0 Plays Today
Question Answer % Correct
Gryffindor Quidditch Team in Harry's 6th Year???
87.5%
'Slug Club' Members during Harry's 6th Year???
77.9%
Triwizard Judges???
62.5%
Books Written By Gilderoy Lockhart???
45.2%
Wand Cores???
41.8%
Food available on the trolley on the Hogwarts Express???
40.7%
Hagrid's Pets???
39.6%
House Ghosts???
37.4%
Unregistered Animagi???
33.5%
Centaurs???
25.3%
Question Answer % Correct
Dursleys???
24.9%
Items Bestowed By Dumbledore In His Will???
21.3%
Ministers Of Magic???
18.2%
Hallows???
16.3%
Hostages at Malfoy Manor???
13.1%
Defensive Items sold at Weasley's Wizard Wheezes???
12.6%
Unforgivable Curses ???
11%
Known Werewolves???
7.4%
Malfoy's Cronies???
5%
Giant Gurgs???
2%

You're not logged in!

Compare scores with friends on all Sporcle quizzes.
OR
Log In

You Might Also Like...

Show Comments

Extras

Top Quizzes Today


Score Distribution

Your Account Isn't Verified!

In order to create a playlist on Sporcle, you need to verify the email address you used during registration. Go to your Sporcle Settings to finish the process.

Report this User

Report this user for behavior that violates our Community Guidelines.

Details: